Seis ensayos sobre poética latinoamericana / (Registro nro. 15207)

Detalles MARC
000 -CABECERA
campo de control de longitud fija 01448nam a2200313 a 4500
001 - NÚMERO DE CONTROL
campo de control 000008995
003 - IDENTIFICADOR DEL NÚMERO DE CONTROL
campo de control DO-SdBPM
005 - FECHA Y HORA DE LA ÚLTIMA TRANSACCIÓN
campo de control 20250624130156.0
007 - CAMPO FIJO DE DESCRIPCIÓN FÍSICA--INFORMACIÓN GENERAL
campo de control de longitud fija ta
008 - DATOS DE LONGITUD FIJA--INFORMACIÓN GENERAL
campo de control de longitud fija 090922t1984 dr 000 e spa d
040 ## - FUENTE DE LA CATALOGACIÓN
Centro catalogador/agencia de origen DO-SdBPM
Lengua de catalogación spa
Centro/agencia transcriptor BPMSU
Normas de descripción rda
Centro/agencia modificador
082 ## - NÚMERO DE LA CLASIFICACIÓN DECIMAL DEWEY
Número de clasificación RD864.44
Número de documento/Ítem C422s 1983
Número de edición 22
100 1# - ENTRADA PRINCIPAL--NOMBRE DE PERSONA
Nombre de persona Céspedes, Diógenes,
Fechas asociadas al nombre 1941-
100 z# - ENTRADA PRINCIPAL--NOMBRE DE PERSONA
Nombre de persona Céspedes, D.
245 10 - MENCIÓN DE TÍTULO
Título Seis ensayos sobre poética latinoamericana /
Mención de responsabilidad, etc. Diógenes Céspedes.
260 ## - PUBLICACIÓN, DISTRIBUCIÓN, ETC.
Lugar de publicación, distribución, etc. Santo Domingo :
Nombre del editor, distribuidor, etc. Taller,
Fecha de publicación, distribución, etc. 1984.
300 ## - DESCRIPCIÓN FÍSICA
Extensión 220p. ;
Dimensiones 23 cm.
336 ## - TIPO DE CONTENIDO
Término de tipo de contenido texto
Código de tipo de contenido txt
Fuente rdacontent
337 ## - TIPO DE MEDIO
Nombre/término del tipo de medio sin mediación
Código del tipo de medio n
Fuente rdamedia
338 ## - TIPO DE SOPORTE
Nombre/término del tipo de soporte volumen
Código del tipo de soporte nc
Fuente rdacarrier
500 ## - NOTA GENERAL
Nota general Incluye bibliografía y notas al pie de las páginas.
500 ## - NOTA GENERAL
Nota general Incluye datos biográficos en la contracubierta.
505 ## - NOTA DE CONTENIDO CON FORMATO
Nota de contenido con formato Introducción, 9.-- Situación de Rubén Darío ante el lenguaje y la poesía, 13.-- Pedro Henríquez Ureña: lingüística y poesía, 41.-- Alfonso Reyes: poética y política de la traducción, 67.-- Los rechazos de Jorge Luis Borges, 91.-- Pablo Neruda: ¿Por o contra la poesía?, 115.-- El funcionamiento de los sagrado en la teoría poética de Octavio Paz, 153.-- Conclusión, 207.-- Bibliografía, 217.--
590 ## - NOTA LOCAL (RLIN)
Nota local Inventariado, 2025/VM
650 #4 - PUNTO DE ACCESO ADICIONAL DE MATERIA--TÉRMINO DE MATERIA
Término de materia o nombre geográfico como elemento de entrada Ensayos latinoamericanos
Subdivisión general Historia y crítica
650 #4 - PUNTO DE ACCESO ADICIONAL DE MATERIA--TÉRMINO DE MATERIA
Término de materia o nombre geográfico como elemento de entrada Poesía hispanoamericana
Subdivisión general Crítica e interpretación
910 ## - DATOS DE OPCIÓN DEL USUARIO (OCLC)
Datos de opción del usuario VMateo V. Control de calidad BPMSU
942 ## - ELEMENTOS DE PUNTO DE ACCESO ADICIONAL (KOHA)
Fuente del sistema de clasificación o colocación Dewey Decimal Classification
Tipo de ítem Koha Libros
Existencias
Estado de retiro Estado de pérdida Fuente del sistema de clasificación o colocación No para préstamo Código de colección Localización permanente Ubicación/localización actual Fecha de adquisición Total de préstamos Signatura topográfica completa Código de barras Fecha visto por última vez Precio válido a partir de Tipo de ítem Koha
    Dewey Decimal Classification   Colección Dominicana Biblioteca Pública Metropolitana Salomé Ureña Biblioteca Pública Metropolitana Salomé Ureña 06/24/2025   BPMSU CD RD864.44 C422s 1983 BPMSU25060102 06/24/2025 06/24/2025 Libros